| 000 | 01331nmc a2200469 a 4500 | ||
|---|---|---|---|
| 003 | AR-BaBNM | ||
| 005 | 20251128210510.0 | ||
| 008 | 160020s1998 ||||||||||||||000 | spa|| | ||
| 020 | _a950-12-8903-6 | ||
| 040 | _cAR-BaBNM | ||
| 245 | 1 | 0 | _aDemocracia sustentable |
| 250 | _a1ª ed. | ||
| 260 |
_aBuenos Aires _bPaidós _c1998 |
||
| 300 | 0 | _a193 p. | |
| 490 | 0 |
_aLatinoamericana _vv. 3 |
|
| 500 | 0 | _aContiene índice temático y de autores | |
| 504 | _aBibliografía para consultar | ||
| 650 | 4 | _aREFORMA DEL ESTADO | |
| 650 | 4 | _aRELACIONES INTERNACIONALES | |
| 650 | 4 | _aINVERSIONES EXTRANJERAS | |
| 650 | 4 | _aDEMOCRACIA | |
| 650 | 4 | _aINVESTIGACION SOCIOLOGICA | |
| 650 | 4 | _aPOLITICA GUBERNAMENTAL | |
| 650 | 4 | _aECONOMIA LIBRE | |
| 653 | 0 | _aPRIVATIZACIONES | |
| 700 | 1 | _aPrzeworski, Adam | |
| 700 | 1 | _aBardhan, Pranab | |
| 700 | 1 | _aBresser Pereira, Luiz Carlos | |
| 700 | 1 | _aBruszt, László | |
| 700 | 1 | _aChoi, Jang Jip | |
| 700 | 1 | _aTurkish Comisso, Ellen | |
| 700 | 1 | _aDi Tella, Torcuato S. | |
| 700 | 1 | _aKolarska-Bobinska, Lena | |
| 700 | 1 | _aMaravall, José María | |
| 700 | 1 | _aO'Donnell, Guillermo | |
| 700 | 1 | _aRoemer, John E. | |
| 700 | 1 | _aStallings, Bárbara | |
| 700 | 1 | _aWeffort, Francisco | |
| 700 | 1 |
_aMazzuca, Sebastián _etraductor |
|
| 942 | _cBK | ||
| 998 | _cMariana | ||
| 999 |
_c15696 _d15696 |
||